| 000 | 00472nam a2200157 a 4500 | ||
|---|---|---|---|
| 001 | 000028311 | ||
| 005 | 20200930031529.0 | ||
| 008 | 110407s1994 dr ac 000 p spa d | ||
| 040 |
_aDO-SdBNP _bspa _cBNPHU |
||
| 082 |
_axxx _bM553u |
||
| 100 | 1 |
_aMercedes, Andrés Ramón de las _955299 |
|
| 245 | 1 | 0 |
_aUna voz del presente / _cAndrés Ramón de las Mercedes. |
| 260 |
_aSanto Domingo : _bImprenta Paz, _c1994. |
||
| 300 |
_a32 p. : _bil., retrs. ; _c21 cm. |
||
| 049 | _aBNPD | ||
| 999 |
_c27803 _d27803 |
||